<?xml version="1.0" encoding="UTF-8"?><?xml-stylesheet type="text/xsl" href="static/style.xsl"?><OAI-PMH xmlns="http://www.openarchives.org/OAI/2.0/" xmlns:xsi="http://www.w3.org/2001/XMLSchema-instance" xsi:schemaLocation="http://www.openarchives.org/OAI/2.0/ http://www.openarchives.org/OAI/2.0/OAI-PMH.xsd"><responseDate>2026-04-13T15:01:54Z</responseDate><request verb="GetRecord" identifier="oai:www.recercat.cat:11351/13073" metadataPrefix="marc">https://recercat.cat/oai/request</request><GetRecord><record><header><identifier>oai:recercat.cat:11351/13073</identifier><datestamp>2025-10-24T10:59:57Z</datestamp><setSpec>com_2072_451665</setSpec><setSpec>com_2072_378040</setSpec><setSpec>col_2072_451666</setSpec></header><metadata><record xmlns="http://www.loc.gov/MARC21/slim" xmlns:dcterms="http://purl.org/dc/terms/" xmlns:xsi="http://www.w3.org/2001/XMLSchema-instance" xmlns:doc="http://www.lyncode.com/xoai" xsi:schemaLocation="http://www.loc.gov/MARC21/slim http://www.loc.gov/standards/marcxml/schema/MARC21slim.xsd">
   <leader>00925njm 22002777a 4500</leader>
   <datafield ind2=" " ind1=" " tag="042">
      <subfield code="a">dc</subfield>
   </datafield>
   <datafield ind2=" " ind1=" " tag="720">
      <subfield code="a">Gisbert, Javier Pérez</subfield>
      <subfield code="e">author</subfield>
   </datafield>
   <datafield ind2=" " ind1=" " tag="720">
      <subfield code="a">Donday, María G</subfield>
      <subfield code="e">author</subfield>
   </datafield>
   <datafield ind2=" " ind1=" " tag="720">
      <subfield code="a">Riestra Menéndez, Sabino</subfield>
      <subfield code="e">author</subfield>
   </datafield>
   <datafield ind2=" " ind1=" " tag="720">
      <subfield code="a">Benitez, Jose Manuel</subfield>
      <subfield code="e">author</subfield>
   </datafield>
   <datafield ind2=" " ind1=" " tag="720">
      <subfield code="a">Navarro-Llavat, Mercè</subfield>
      <subfield code="e">author</subfield>
   </datafield>
   <datafield ind2=" " ind1=" " tag="720">
      <subfield code="a">Busquets, David</subfield>
      <subfield code="e">author</subfield>
   </datafield>
   <datafield ind2=" " ind1=" " tag="720">
      <subfield code="a">Serra Nilsson, Katja</subfield>
      <subfield code="e">author</subfield>
   </datafield>
   <datafield ind2=" " ind1=" " tag="720">
      <subfield code="a">Lucendo, Alfredo J</subfield>
      <subfield code="e">author</subfield>
   </datafield>
   <datafield ind2=" " ind1=" " tag="720">
      <subfield code="a">Morales Alvarado, Víctor Jair</subfield>
      <subfield code="e">author</subfield>
   </datafield>
   <datafield ind2=" " ind1=" " tag="260">
      <subfield code="c">2025-05-12T10:15:28Z</subfield>
   </datafield>
   <datafield ind2=" " ind1=" " tag="260">
      <subfield code="c">2025-05-12T10:15:28Z</subfield>
   </datafield>
   <datafield ind2=" " ind1=" " tag="260">
      <subfield code="c">2025-02-06</subfield>
   </datafield>
   <datafield ind2=" " ind1=" " tag="520">
      <subfield code="a">Inflammatory bowel disease; Inflixmab; Ulcerative colitis</subfield>
   </datafield>
   <datafield ind2=" " ind1=" " tag="520">
      <subfield code="a">Enfermedad inflamatoria intestinal; Inflixmab; Colitis ulcerosa</subfield>
   </datafield>
   <datafield ind2=" " ind1=" " tag="520">
      <subfield code="a">Malaltia inflamatòria intestinal; Inflixmab; Colitis ulcerosa</subfield>
   </datafield>
   <datafield ind2=" " ind1=" " tag="520">
      <subfield code="a">Primary objectives: to compare the rates of sustained clinical remission at 12 months in patients treated with antitumour necrosis factor (anti-TNF) and immunomodulators who withdraw anti-TNF treatment versus those who maintain it.&#xd;
&#xd;
to evaluate the effect of anti-TNF withdrawal on relapse-free time, endoscopic and radiological activity, safety, quality of life and work productivity; and to identify predictive factors for relapse.&#xd;
&#xd;
Prospective, quadruple-blind, multicentre, randomised, controlled trial. Patients with ulcerative colitis or Crohn's disease in clinical remission for >6 months and absence of severe endoscopic (and radiological in Crohn's disease) lesions were randomised to maintain anti-TNF treatment (maintenance arm (MA)) or to withdraw it (withdrawal arm (WA)). All patients maintained immunomodulators. Patients were followed-up until month 12 or up to clinical relapse.&#xd;
&#xd;
One-hundred forty patients were randomised: 70 were allocated to the MA and 70 to the WA. The proportion of patients with sustained clinical remission at 12 months was similar in the MA and WA: 59/70 (84%), 95% CI=74% to 92% versus 53/70 (76%), 95% CI=64% to 85%. The proportion of patients with significant endoscopic lesions at the end of follow-up was 8.5% in the MA and 19% in the WA (p=0.1); a higher proportion of patients had faecal calprotectin >250 µg/g at the end of follow-up in the WA (p=0.01). The same percentage of patients in both groups had at least one adverse event (69%). The proportion of patients with serious adverse events was also similar in both groups (4% in MA vs 7% in WA).&#xd;
&#xd;
Anti-TNF withdrawal in selected patients with IBD in clinical, endoscopic and radiological remission has no impact on sustained clinical remission at 1 year although objective markers of activity were higher in patients who withdrew treatment.&#xd;
&#xd;
https://www.clinicaltrialsregister.eu/ctr-search/search?query=2015-001410-10 https://clinicaltrials.gov/study/NCT02994836.</subfield>
   </datafield>
   <datafield ind2=" " ind1=" " tag="520">
      <subfield code="a">This work has been supported by the Plataforma ISCIII de Soporte para la Investigación Clínica - SCReN (Spanish Clinical Research Network), funded by the Instituto de Salud Carlos III (ISCIII) through projects PT13/0002/0027 and PT17/0017/0017, both integrated in the Plan Estatal de I+D+I 2013-2016 and cofunded by the European Regional Development Fund (FEDER) ’A way to make Europe’, and project PT23/00060, funded by the ISCIII and cofunded by the European Union.</subfield>
   </datafield>
   <datafield ind1="8" ind2=" " tag="024">
      <subfield code="a">http://hdl.handle.net/11351/13073</subfield>
   </datafield>
   <datafield tag="653" ind2=" " ind1=" ">
      <subfield code="a">Aparell digestiu - Malalties</subfield>
   </datafield>
   <datafield tag="653" ind2=" " ind1=" ">
      <subfield code="a">Colitis ulcerosa</subfield>
   </datafield>
   <datafield tag="653" ind2=" " ind1=" ">
      <subfield code="a">Malalties - Recaiguda</subfield>
   </datafield>
   <datafield tag="653" ind2=" " ind1=" ">
      <subfield code="a">DISEASES::Digestive System Diseases::Gastrointestinal Diseases::Gastroenteritis::Inflammatory Bowel Diseases</subfield>
   </datafield>
   <datafield tag="653" ind2=" " ind1=" ">
      <subfield code="a">DISEASES::Digestive System Diseases::Gastrointestinal Diseases::Gastroenteritis::Colitis::Colitis, Ulcerative</subfield>
   </datafield>
   <datafield tag="653" ind2=" " ind1=" ">
      <subfield code="a">CHEMICALS AND DRUGS::Amino Acids, Peptides, and Proteins::Proteins::Blood Proteins::Immunoproteins::Immunoglobulins::Antibodies::Antibodies, Monoclonal::Infliximab</subfield>
   </datafield>
   <datafield tag="653" ind2=" " ind1=" ">
      <subfield code="a">ENFERMEDADES::enfermedades del sistema digestivo::enfermedades gastrointestinales::gastroenteritis::enfermedad inflamatoria intestinal</subfield>
   </datafield>
   <datafield tag="653" ind2=" " ind1=" ">
      <subfield code="a">ENFERMEDADES::enfermedades del sistema digestivo::enfermedades gastrointestinales::gastroenteritis::colitis::colitis ulcerosa</subfield>
   </datafield>
   <datafield tag="653" ind2=" " ind1=" ">
      <subfield code="a">COMPUESTOS QUÍMICOS Y DROGAS::aminoácidos, péptidos y proteínas::proteínas::proteínas sanguíneas::inmunoproteínas::inmunoglobulinas::anticuerpos::anticuerpos monoclonales::infliximab</subfield>
   </datafield>
   <datafield ind2="0" ind1="0" tag="245">
      <subfield code="a">Withdrawal of antitumour necrosis factor in inflammatory bowel disease patients in remission: a randomised placebo-controlled clinical trial of GETECCU</subfield>
   </datafield>
</record></metadata></record></GetRecord></OAI-PMH>